000 00688nam a2200205Ia 4500
003 GCL
008 140319s9999 xx 000 0 ara d
040 _aGCL /
_cGCL
082 0 4 _a657.45
_bع م
100 1 _aعبدالمنعم محمود عبدالمنعم
245 1 0 _aالمراجعة: اصولها العلمية والعملية /
_cعبدالمنعم محمود عبدالمنعم
700 1 _aعيسى محمد ابوطبل
260 _a[S.N] :
_bدار النهضة العربية ،
_c1991
300 _a524 ص
490 _a
650 0 4 _aمراجعة الحسابات
650 0 4 _aالمراجعة المالية
650 0 4 _aالمحاسبة
942 _2ddc
_cBK
999 _c53595
_d53595